Vermeer
Saved in:
| 主要作者: | |
|---|---|
| 格式: | 圖書 |
| 語言: | 西班牙语 |
| 出版: |
Buenos Aires
Viscontea
1978
|
| 版: | 1a. ed |
| 叢編: | Los Grandes Pintores, 48
|
| 主題: | |
| 標簽: |
添加標簽
沒有標簽, 成為第一個標記此記錄!
|
MARC
| LEADER | 00000cam a2200000 a 4500 | ||
|---|---|---|---|
| 001 | UCE0873 | ||
| 003 | CL-VaPUC | ||
| 008 | 140317e19780000ag |||||||||||||||||spa|d | ||
| 082 | 0 | 4 | |a 759.92 |b MAR |2 21 |
| 100 | |a Martini, Alberto |e autor |9 573368 | ||
| 245 | 1 | 0 | |a Vermeer |
| 250 | |a 1a. ed | ||
| 300 | |a 16 p | ||
| 942 | |c BK | ||
| 945 | |d 20140317 10:17:00 |a cmena | ||
| 260 | |a Buenos Aires |b Viscontea |c 1978 | ||
| 600 | 0 | 7 | |a VERMEER, JOHANNES |2 CL-VaPUC |9 462930 |
| 600 | 0 | 7 | |a DELFT, JOHANNES VERMEER VAN |2 CL-VaPUC |9 557834 |
| 650 | 7 | |a PINTORES HOLANDESES |2 CL-VaPUC |9 573250 | |
| 650 | 0 | |a Pintura barroca |9 266157 | |
| 583 | |a last modification |c 20140317 10:17:00 |k Rodrigo Vera | ||
| 490 | 0 | |a Los Grandes Pintores, 48 | |
| 999 | |c 354878 |d 354876 | ||
| 952 | |0 0 |1 0 |3 erb |4 0 |6 759_920000000000000_MAR_1978 |7 0 |8 A |9 461102 |a BIBART |b BIBART |i 5004195 |l 1 |m 1 |o 759.92 MAR 1978 |p 5004195 |r 2025-03-13 |s 2024-06-17 |w 2019-11-23 |y BK |z Catalogado en:20140317 |k ART | ||